|
|
|
|
| LEADER |
00000cam a2200000 a 4500 |
| 001 |
vtls001082375 |
| 003 |
SK-MaSNL |
| 005 |
20260302030826.0 |
| 008 |
250414s1989 xo a fr 00000 slo |
| 015 |
|
|
|a SNBA1989/07
|
| 020 |
|
|
|a 8022200476
|q (viaz.)
|
| 035 |
|
|
|a SNK000025213
|
| 040 |
|
|
|a SNK
|b slo
|c SNK
|e AACR2
|
| 041 |
1 |
|
|a slo
|h lat
|
| 044 |
|
|
|a xo
|c SK
|
| 072 |
|
7 |
|a 82.0
|x Literatúra (teória)
|2 konspekt
|
| 072 |
|
7 |
|a 821.162.4.09
|x Slovenská literatúra (o nej)
|2 konspekt
|
| 080 |
|
|
|a 885.4-1(082)
|2 1981
|
| 080 |
|
|
|a 82"15/17"
|2 2011
|
| 080 |
|
|
|a 82(091)
|2 2011
|
| 080 |
|
|
|a 821.162.4
|2 2011
|
| 080 |
|
|
|a 821.162.4-3
|2 2011
|
| 080 |
|
|
|a 821.162.4-2
|2 2011
|
| 080 |
|
|
|a (082.2)
|2 2011
|
| 080 |
|
|
|a (0:82-9)
|2 2001
|
| 080 |
|
|
|a 801.82
|2 2011
|
| 080 |
|
|
|a (082)
|2 2011
|
| 080 |
|
|
|a 821.162.4-1
|2 2011
|
| 245 |
0 |
0 |
|a Z klenotnice staršieho slovenského písomníctva
|n 3.
|p Antológia barokových literárnych textov
|n 1
|p (Poézia)
|c zostavil, predslov, sprievodné texty, edičnú poznámku a vysvetlivky napísal Jozef Minárik ; preklad Miloslav Okál, Mária Vyvíjalová ; ilustroval Ľubomír Longauer]
|
| 246 |
3 |
0 |
|a Antológia barokových literárnych textov
|
| 246 |
3 |
0 |
|a Poézia
|
| 250 |
|
|
|a 1. vyd.
|
| 260 |
|
|
|a Bratislava
|b Tatran
|c 1989
|
| 300 |
|
|
|a 420 s.
|b ilustr.
|c 18 cm
|
| 366 |
|
|
|e 1500 výtl.
|
| 490 |
1 |
|
|a Čítanie študujúcej mládeže
|v zv. 194
|
| 500 |
|
|
|a Rozložený titulný list
|
| 500 |
|
|
|a Preložené z latinčiny
|
| 500 |
|
|
|a Obsahuje 10 kapitol
|
| 650 |
0 |
7 |
|a baroková literatúra
|2 SNKPH
|9 79549
|
| 650 |
0 |
7 |
|a literárna história
|2 SNKPH
|9 1136
|
| 650 |
0 |
7 |
|a slovenská literatúra
|2 SNKPH
|9 1115
|
| 650 |
0 |
7 |
|a písomníctvo
|2 SNKPH
|9 58529
|
| 650 |
0 |
7 |
|a slovenská poézia
|2 SNKPH
|9 215422
|
| 655 |
|
7 |
|a antológie
|2 SNKPH
|9 70414
|
| 655 |
|
7 |
|a literárne texty
|2 SNKPH
|9 70740
|
| 655 |
|
7 |
|a zborníky
|2 SNKPH
|9 70165
|
| 700 |
1 |
|
|a Minárik, Jozef,
|d 1922-2008
|4 com
|4 trl
|4 cwt
|4 edt
|9 119628
|
| 700 |
1 |
|
|a Okál, Miloslav,
|d 1913-1997
|4 trl
|9 37112
|
| 700 |
1 |
|
|a Vyvíjalová, Mária,
|d 1921-2004
|4 trl
|9 105262
|
| 700 |
1 |
|
|a Longauer, Ľubomír,
|d 1948-2025
|4 ill
|9 111396
|
| 740 |
0 |
2 |
|a Duchovná lyrika
|
| 740 |
0 |
2 |
|a Občiansko - politická lyrika
|
| 740 |
0 |
2 |
|a Mravoučná, didaktická a didakticko - reflexívna lyrika
|
| 740 |
0 |
2 |
|a Príležitostná lyrika
|
| 740 |
0 |
2 |
|a Sociálna, vojenská, pastierska a zbojnícka lyrika a epika
|
| 740 |
0 |
2 |
|a Ľúbostná lyrika
|
| 740 |
0 |
2 |
|a Žartovná, pijanská, satirická, parodická a paškvilová lyrika a epika
|
| 740 |
0 |
2 |
|a Historická a časová veršovaná epika
|
| 740 |
0 |
2 |
|a Jarmočná veršovaná epika a lyrika
|
| 740 |
0 |
2 |
|a Veršované anekdoty, facécie, žartovné historky, exemplá, poviedky a bájky
|
| 830 |
|
0 |
|a Čítanie študujúcej mládeže
|9 278830
|
| 852 |
|
|
|a Slovenská národná knižnica
|
| 919 |
|
|
|a 80-222-0047-6
|
| 954 |
|
|
|a odborná, vedecká literatúra cudzojazyčná (svetová)
|2 lita
|
| 958 |
|
|
|a OND
|
| 958 |
|
|
|a LX
|
| 958 |
|
|
|a TL
|
| 958 |
|
|
|a OP
|
| 958 |
|
|
|a RK
|
| 958 |
|
|
|a ZB
|
| 999 |
|
|
|c 1049335
|d 1051265
|
| 952 |
|
|
|t P60, <05>, [BOOK], {605}
|a SNK
|b SNK
|y PREZ
|7 0
|p 17A0022785
|o snkSD 55923/3/1 D1
|i snkKSP 8123/89
|0 0
|1 0
|4 0
|d 1996-11-29
|l 0
|r 2004-12-31 00:00:00
|w 2026-02-24
|
| 952 |
|
|
|t P60, <03>, [BOOK], {603}
|a SNK
|b SNK
|y PREZ
|7 0
|p 17A0061893
|o snkSD 55923/3/1
|i snkKSP 8122/89
|0 0
|1 0
|4 0
|d 1997-04-21
|l 0
|r 2004-12-31 00:00:00
|w 2026-02-24
|
| 952 |
|
|
|t P60, <05>, [BOOK], {605}
|a SNK
|b SNK
|y PREZ
|7 0
|p 17A0343528
|o snkSD 55923/3/1 D2
|i snkKSP 5590/2002
|0 0
|1 0
|4 0
|d 2002-05-14
|l 0
|r 2004-12-31 00:00:00
|w 2026-02-24
|